Biología 4: la vida : continuidad y cambio /
Guardado en:
| Autor Principal: | |
|---|---|
| Otros Autores: | , |
| Formato: | Libro |
| Publicado: |
Buenos Aires :
Longseller,
2002
|
| Series: | Serie de Libros Temáticos
|
| Materias: | |
| Etiquetas: |
Agregar Etiqueta
Sin Etiquetas, Sea el primero en etiquetar este registro!
|
| LEADER | 00785nam a22002535a 4500 | ||
|---|---|---|---|
| 001 | CEM.cems013866 | ||
| 005 | 20130424164208.0 | ||
| 008 | 130507s2002##################000#0#####d | ||
| 003 | CEMS | ||
| 020 | |a 9875501352 | ||
| 082 | 0 | 4 | |a 574 |
| 100 | 1 | |a Frid, Débora | |
| 245 | 1 | 0 | |a Biología 4: la vida : |b continuidad y cambio / |c Débora Frid, Silvina Muzzanti y Ana María Espinoza |
| 260 | |a Buenos Aires : |b Longseller, |c 2002 | ||
| 300 | |a 112 p. | ||
| 490 | 0 | |a Serie de Libros Temáticos | |
| 505 | 0 | |a Reproducción -- Evolución -- Genética y herencia | |
| 653 | |a Reproducción | ||
| 653 | |a Genética | ||
| 653 | |a Evolución | ||
| 653 | |a Biología | ||
| 700 | 1 | |a Muzzanti, Silvina | |
| 700 | 1 | |a Espinoza, Ana María | |
| 859 | |a CEMS |b BIB. CEMS - 11 de abril |h 574 |i F912-1 |p 26589.13 |t Ej.1 | ||
